Managing the work-life balance in construction (Record no. 113169)
[ view plain ]
| 000 -LEADER | |
|---|---|
| fixed length control field | 02465cam a22002535a 4500 |
| 001 - CONTROL NUMBER | |
| control field | L154809 |
| 008 - FIXED-LENGTH DATA ELEMENTS--GENERAL INFORMATION | |
| fixed length control field | 120119s2009 xxk f 000 0 eng d |
| 020 ## - INTERNATIONAL STANDARD BOOK NUMBER | |
| International Standard Book Number | 9780203030110 |
| 035 ## - SYSTEM CONTROL NUMBER | |
| System control number | (Sirsi) u154809 |
| 041 0# - LANGUAGE CODE | |
| Language code of text/sound track or separate title | eng |
| 100 1# - MAIN ENTRY--PERSONAL NAME | |
| Personal name | Lingard, Helen |
| 245 00 - TITLE STATEMENT | |
| Title | Managing the work-life balance in construction |
| Medium | [electronic resource] |
| 260 ## - PUBLICATION, DISTRIBUTION, ETC. | |
| Name of publisher, distributor, etc. | Taylor & Francis |
| Date of publication, distribution, etc. | 2009 |
| 300 ## - PHYSICAL DESCRIPTION | |
| Extent | eBook |
| 505 2# - FORMATTED CONTENTS NOTE | |
| Formatted contents note | 1 Is it a problem? -- 2 Social policy and legal frameworks -- 3 Workers in conflict -- 4 The work?family interface -- 5 Burnout -- 6 Organisational responses -- 7 Supportive workplaces -- 8 A vision for the future |
| 520 ## - SUMMARY, ETC. | |
| Summary, etc. | Work in the construction industry is particularly tough. It demands excessively long hours and frequent weekend work. Other characteristics are particularly marked, such as re-location, job insecurity and distinctive behavioural patterns, which negatively affect employees' personal lives further. Work-life balance has emerged as one of the most pressing management issues in the 21st century. For construction managers dealing with traditional models of work and rigid work schedules, the issue may be especially difficult to manage, and yet the work-life balance is now recognised as an issue of strategic importance to the construction industry. It is critical to the construction industry's continued ability to attract and retain a talented workforce, and it is also inextricably linked to organizational effectiveness and employees' well-being.This book presents the argument for the management of work-life balance in the construction industry. It maps the changes to the workforce demographic profile and the changing expectations relating to work and personal life that occurred during the second half of the 20th century. Legal imperatives for managing work-life balance are set out. It also presents work-life balance theory and discusses the practical implications of research, along with extensive empirical data collected from the industry. Lastly, practical advice is provided about what construction organizations can and should do to manage work-life balance. This provides a unique guide to a key issue. |
| 650 24 - SUBJECT ADDED ENTRY--TOPICAL TERM | |
| Topical term or geographic name entry element | EBOOK |
| 651 #4 - SUBJECT ADDED ENTRY--GEOGRAPHIC NAME | |
| Geographic name | International |
| 690 ## - LOCAL SUBJECT ADDED ENTRY--TOPICAL TERM (OCLC, RLIN) | |
| Topical term or geographic name as entry element | Project management |
| 9 (RLIN) | 6261 |
| 690 ## - LOCAL SUBJECT ADDED ENTRY--TOPICAL TERM (OCLC, RLIN) | |
| Topical term or geographic name as entry element | Construction management |
| 9 (RLIN) | 6230 |
| 700 1# - ADDED ENTRY--PERSONAL NAME | |
| Personal name | Francis, Valerie |
| 856 40 - ELECTRONIC LOCATION AND ACCESS | |
| Uniform Resource Identifier | <a href="https://www.vlebooks.com/">https://www.vlebooks.com/</a> |
| Public note | View on VLEbooks. Logins for members only from [email protected] |
| 942 ## - ADDED ENTRY ELEMENTS (KOHA) | |
| Suppress in OPAC | 0 |
| Withdrawn status | Lost status | Source of classification or shelving scheme | Damaged status | Not for loan | Home library | Current library | Shelving location | Date acquired | Total Checkouts | Full call number | Barcode | Date last seen | Copy number | Price effective from | Koha item type |
|---|---|---|---|---|---|---|---|---|---|---|---|---|---|---|---|
| Dewey Decimal Classification | Virtual | Virtual | Online | 19/01/2012 | EBOOK | 154809-1001 | 06/08/2019 | 1 | 06/08/2019 | Book |